000 01151nam a22002175i 4500
001 163817
003 ES-MaACL
005 20250929063239.0
008 010511s1851 sp |||| | spa d
040 _aCAM
_bspa
_cCAM
100 1 _aRodríguez Rubí, Tomás,
_d1817-1890
_9131953
245 1 3 _aLa flor de la maravilla
_b: comedia en tres actos /
_coriginal de Tomas Rodriguez Rubi.
260 _aMadrid :
_b[Circulo Literario Comercial],
_c1851 (
_fImprenta a cargo de C. Gonzalez)
300 _a71 p. ;
_c21 cm.
490 1 _aLa España dramatica : coleccion de obras representadas con aplauso en los teatros de la corte ;
_v147
500 _aEn port.: Representado en el Teatro de la Comedia en Junio de 851.
596 _aEd. y serie tomado de cub.
830 0 3 _aLa España dramática: colección de obras representadas con aplauso en los teatros de la corte
_v147
_9187776
852 _aES-MaACL
_jF-8585(6)
_z-- Enc. pasta española
_z-- Enc. en un vol. facticio, formando parte de la col. facticia: "Teatro español moderno", vol. 38
_x-- Edic.: dato de editor y de serie deben constar en la cub.
999 _c163817
_d163817